Zápisník abstinentky /
V návaznosti na svou oceněnou autobiografickou prózu Zápisník alkoholičky popisuje autorka další fázi cesty od závislosti k normálnímu životu - snahu vydržet.
Uloženo v:
| Série: | Zápisník alkoholičky,
část 2 |
|---|---|
| Hlavní autor: | |
| Médium: | E-kniha |
| Jazyk: | Czech |
| Vydáno: |
Praha :
Motto,
2021
|
| Vydání: | Vydání první |
| Témata: | |
| Příbuzné jednotky: | Z cyklu::
Zápisník alkoholičky |
| Tagy: |
Žádné tagy |
| LEADER | 03259nam a2200673 i 4500 | ||
|---|---|---|---|
| 001 | 311294 | ||
| 003 | CZ PrSKC | ||
| 005 | 20260601215703.0 | ||
| 007 | ta | ||
| 008 | 210312s2021 xr a g 000 jacze | ||
| 015 | |a cnb003312232 | ||
| 020 | |a 9788026719649 |q (vázáno) : |c Kč 299,00 | ||
| 035 | |a (OCoLC)1250248529 | ||
| 040 | |a ABG001 |b cze |e rda | ||
| 043 | |a e-xr--- | ||
| 045 | |a x9y- | ||
| 072 | 7 | |a 821.162.3-3 |x Česká próza |2 Konspekt | |
| 072 | 7 | |a 929 |x Biografie |2 Konspekt | |
| 080 | |a 821.162.3-32 |2 MRF | ||
| 080 | |a 004.774.6-055.2 |2 MRF | ||
| 080 | |a 364.692:[663.51:615.015.6] |2 MRF | ||
| 080 | |a 178.2 |2 MRF | ||
| 080 | |a 929 |2 MRF | ||
| 080 | |a (437.3) |2 MRF | ||
| 080 | |a (0:82-322.6) |2 MRF | ||
| 080 | |a (0.034.2)004.774.6 |2 MRF | ||
| 100 | 1 | |a Duffková, Michaela, |d 1992- |7 xx0244531 |4 aut | |
| 245 | 1 | 0 | |a Zápisník abstinentky / |c Michaela Duffková |
| 250 | |a Vydání první | ||
| 264 | 1 | |a Praha : |b Motto, |c 2021 | |
| 300 | |a 170 stran : |b ilustrace ; |c 21 cm | ||
| 336 | |a text |b txt |2 rdacontent | ||
| 337 | |a bez média |b n |2 rdamedia | ||
| 338 | |a svazek |b nc |2 rdacarrier | ||
| 520 | 2 | |a V návaznosti na svou oceněnou autobiografickou prózu Zápisník alkoholičky popisuje autorka další fázi cesty od závislosti k normálnímu životu - snahu vydržet. |b Detox a protialkoholní léčba je jako výstup na horu - poté, co je absolvujete, ještě zdaleka nemáte vyhráno. Nejdřív musíte bezpečně sestoupit do normálního života a pak vás už napořád čeká maraton zvaný abstinence. Michaela Duffková opět otevírá tabu ženského alkoholismu a vypráví o svém boji se závislostí. Jaké zažila zlomové momenty? Co se pro ni změnilo s narozením druhého dítěte? A jak těžké je abstinovat v zemi, kde je pití společenská norma? Nakladatelská anotace. | |
| 600 | 1 | 7 | |a Duffková, Michaela, |d 1992- |7 xx0244531 |2 czenas |
| 648 | 7 | |a 20.-21. století |7 ch462155 |2 czenas | |
| 648 | 4 | |a 1992-2021 | |
| 650 | 0 | 7 | |a blogerky |7 ph954050 |z Česko |y 20.-21. století |2 czenas |
| 650 | 0 | 7 | |a alkoholičky |7 ph388323 |z Česko |y 20.-21. století |2 czenas |
| 650 | 0 | 7 | |a alkoholismus |7 ph118354 |2 czenas |
| 650 | 0 | 7 | |a abstinence |7 ph974620 |2 czenas |
| 650 | 0 | 9 | |a women bloggers |z Czechia |y 20th-21st centuries |2 eczenas |
| 650 | 0 | 9 | |a women alcoholics |z Czechia |y 20th-21st centuries |2 eczenas |
| 650 | 0 | 9 | |a alcoholism |2 eczenas |
| 650 | 0 | 9 | |a abstinence |2 eczenas |
| 655 | 7 | |a české příběhy |7 fd133973 |2 czenas | |
| 655 | 7 | |a autobiografické příběhy |7 fd131891 |2 czenas | |
| 655 | 7 | |a blogy |7 fd376279 |2 czenas | |
| 655 | 9 | |a Czech stories |2 eczenas | |
| 655 | 9 | |a autobiographical stories |2 eczenas | |
| 655 | 9 | |a blogs |2 eczenas | |
| 787 | 0 | 8 | |i Z cyklu: |t Zápisník alkoholičky |g 2 |
| 900 | |a ABA001 |b 19 | ||
| 928 | 9 | |a Albatros Media - Motto | |
| 044 | |a xr | ||
| 910 | |a RBIT002 | ||
| 998 | |d 312883 |a https://core.palmknihy.cz/api/books/312883/cover?si7fa4 |b https://core.palmknihy.cz/api/books/312883/cover/400?si7fa4 |c https://core.palmknihy.cz/api/books/312883/cover/50?si7fa4 |e 2030-12-31 |g 176 |i 9788026719649 |j https://core.palmknihy.cz/api/books/312883/preview.epub |k https://core.palmknihy.cz/api/books/312883/preview.pdf |l |q 49 |r 1 |s https://www.palmknihy.cz/kniha/312883 |t ebook |y 2021 |z 0 | ||
| 999 | |d 311292 | ||